[Event "Irish International Open 2019"]
[Site "Dublin IRL"]
[Date "2019.04.18"]
[Round "3.32"]
[White "Carolan, James"]
[Black "Scallan, Fiachra"]
[Result "0-1"]
[WhiteElo "1268"]
[BlackElo "1899"]
[WhiteICU "1243"]
[BlackICU "1926"]
[WhiteClub "Sligo"]
[BlackClub "Rathmines"]
[WhiteNationality "IRL"]
[BlackNationality "IRL"]
[WhiteFideId "2513072"]
[BlackFideId "2507528"]
[PlyCount "113"]
[EventDate "2019.04.17"]
[HashCode "7966803f"]

{ Event information: <a
href="http://www.irlchess.com/irishopen2019_allfiles/pairings_irishopen2019.html">Tournament
report</a>. }

1. e4 e6 2. d4 d5 3. Nd2 Nc6 4. c3 e5 5. exd5 Qxd5 6. Qf3 Qxf3 7. Ngxf3
exd4 8. Nxd4 Nxd4 9. cxd4 Be6 10. Bb5+ c6 11. Bc4 Bxc4 12. Nxc4 O-O-O 13.
O-O f6 14. b3 Ne7 15. Bb2 Nf5 16. Rad1 h5 17. Rd3 Bd6 18. Nxd6+ Rxd6 19.
Re1 Rhd8 20. Re4 c5 21. Rh3 h4 22. Kf1 cxd4 23. Rd3 Rc6 24. Ke2 Kb8 25. g4
hxg3 26. hxg3 Rc2+ 27. Rd2 d3+ 28. Kd1 Rdc8 29. Ba3 Rxd2+ 30. Kxd2 Rc2+ 31.
Kxd3 Rxa2 32. Bc5 b6 33. Be3 Nxe3 34. Kxe3 Ra3 35. Re8+ Kc7 36. Re7+ Kd6
37. Rxg7 Rxb3+ 38. Kd4 a5 39. Kc4 Rf3 40. Kb5 Rb3+ 41. Kc4 a4 42. Ra7 b5+
43. Kd4 a3 44. Ra6+ Ke7 45. Ra7+ Ke6 46. g4 b4 47. Ra6+ Kf7 48. f4 Rb2 49.
Kc4 a2 50. g5 fxg5 51. fxg5 b3 52. Ra7+ Kg6 53. Ra6+ Kxg5 54. Kc3 Rb1 55.
Ra5+ Kf4 56. Ra4+ Kf3 57. Ra8 0-1

[Event "Irish International Open 2019"]
[Site "Dublin IRL"]
[Date "2019.04.19"]
[Round "4.1"]
[White "Saric, Ante"]
[Black "Hovhannisyan, Mher"]
[Result "1-0"]
[WhiteTitle "GM"]
[BlackTitle "GM"]
[WhiteElo "2530"]
[BlackElo "2462"]
[WhiteNationality "CRO"]
[BlackNationality "BEL"]
[WhiteFideId "14506254"]
[BlackFideId "13300865"]
[PlyCount "41"]
[EventDate "2019.04.17"]
[WhiteFullName "&#352;ari&#263;, Ante"]
[ICUid "50150"]
[HashCode "30541a27"]

{ Annotator: Alexander Baburin, <em>Chess Today</em> 117 (6745), 27 April
2019; &mdash;, <em>Sunday Independent</em> April 28, 2019, p. 27. } { Event
information: <a
href="http://www.irlchess.com/irishopen2019_allfiles/pairings_irishopen2019.html">Tournament
report</a>. }

1. d4 Nf6 2. c4 e6 3. Nf3 d5 4. Nc3 c5 5. cxd5 Nxd5 6. e4 Nxc3 7. bxc3 cxd4
8. cxd4 Bb4+ 9. Bd2 Bxd2+ 10. Qxd2 O-O 11. Rc1 b6 12. Bd3 Bb7 13. O-O Nd7
14. Qf4 Nf6 15. Rc3 Rc8 16. Ra3 a6 17. e5 Nd5 18. Bxh7+ Kh8 19. Qg3 g6 20.
Ng5 Rc3 21. Qh4 1-0

[Event "Irish International Open 2019"]
[Site "Dublin IRL"]
[Date "2019.04.19"]
[Round "4.2"]
[White "Strikovic, Aleksa"]
[Black "Burg, Twan"]
[Result "1/2-1/2"]
[WhiteTitle "GM"]
[BlackTitle "GM"]
[WhiteElo "2493"]
[BlackElo "2519"]
[WhiteNationality "SRB"]
[BlackNationality "NED"]
[WhiteFideId "900150"]
[BlackFideId "1010697"]
[PlyCount "81"]
[EventDate "2019.04.17"]
[WhiteFullName "Strikovi&#263;, Aleksa"]
[ICUid "50151"]
[HashCode "51e4e617"]

{ Event information: <a
href="http://www.irlchess.com/irishopen2019_allfiles/pairings_irishopen2019.html">Tournament
report</a>. }

1. c4 e5 2. Nc3 Nf6 3. Nf3 Nc6 4. d4 exd4 5. Nxd4 Bb4 6. g3 Ne5 7. Qb3 Qe7
8. Be3 Bxc3+ 9. Qxc3 d5 10. cxd5 Nxd5 11. Qb3 Nxe3 12. Qxe3 Qb4+ 13. Qd2
Qxd2+ 14. Kxd2 Bd7 15. Bg2 O-O-O 16. Kc3 c5 17. Nb3 b6 18. a4 a5 19. Nd2
Kc7 20. Rhd1 Rhe8 21. h3 Bc8 22. Nf3 Rxd1 23. Rxd1 Nxf3 24. Bxf3 Bxh3 25.
g4 f5 26. g5 f4 27. Rh1 Bf5 28. Rh4 Re5 29. Rxf4 Bd7 30. g6 hxg6 31. Rf7
Kd6 32. Rxg7 Bxa4 33. Rb7 b5 34. Rb6+ Kc7 35. Rc6+ Kd7 36. Rxg6 b4+ 37. Kc4
Bd1 38. Rg7+ Kd6 39. Rg6+ Kd7 40. Rg7+ Kd6 41. Rg6+ 1/2-1/2

[Event "Irish International Open 2019"]
[Site "Dublin IRL"]
[Date "2019.04.19"]
[Round "4.3"]
[White "Jovanic, Ognjen"]
[Black "Thorfinnsson, Bjorn"]
[Result "1-0"]
[WhiteTitle "GM"]
[BlackTitle "IM"]
[WhiteElo "2515"]
[BlackElo "2399"]
[WhiteNationality "CRO"]
[BlackNationality "ISL"]
[WhiteFideId "14504081"]
[BlackFideId "2300982"]
[PlyCount "113"]
[EventDate "2019.04.17"]
[WhiteFullName "Jovani&#263;, Ognjen"]
[BlackFullName "&THORN;orfinnsson, Bj&ouml;rn"]
[ICUid "50152"]
[HashCode "758b8b69"]

{ Event information: <a
href="http://www.irlchess.com/irishopen2019_allfiles/pairings_irishopen2019.html">Tournament
report</a>. }

1. d4 Nf6 2. Nf3 e6 3. e3 b6 4. Bd3 Bb7 5. O-O Be7 6. Nbd2 c5 7. b3 O-O 8.
Bb2 Nc6 9. a3 Rc8 10. Qe2 Qc7 11. Rac1 cxd4 12. exd4 Qf4 13. c4 Rfe8 14. b4
a5 15. b5 Nb8 16. Qe5 Bd6 17. Qxf4 Bxf4 18. Rc2 d6 19. g3 Bh6 20. a4 g6 21.
c5 Bxf3 22. Nxf3 dxc5 23. dxc5 Nd5 24. Ba3 bxc5 25. Rxc5 Nb6 26. Ra1 Bf8
27. Rxc8 Rxc8 28. Bb2 N8d7 29. Ra2 Bg7 30. Bxg7 Kxg7 31. Kf1 Rc3 32. Ke2
Nc5 33. Bc2 Nd5 34. Ne1 Kf6 35. Kd2 Ke7 36. Rb2 Ra3 37. b6 Nb4 38. Nd3 Ne4+
39. Ke2 Nc6 40. b7 Nb8 41. Ke3 Nc5 42. Kd4 Nxd3 43. Bxd3 Kd6 44. Bb5 Kc7
45. f4 Kxb7 46. Ke5 f5 47. Kxe6 Nc6 48. Kf6 Re3 49. Rd2 Na7 50. Bd7 Kc7 51.
Be6 h6 52. Bf7 g5 53. fxg5 hxg5 54. Kxg5 Re4 55. Bb3 f4 56. gxf4 Nc6 57.
Bd5 1-0

[Event "Irish International Open 2019"]
[Site "Dublin IRL"]
[Date "2019.04.19"]
[Round "4.4"]
[White "Khairil, Muhd Khairil Asyraf"]
[Black "Ruck, Robert"]
[Result "0-1"]
[BlackTitle "GM"]
[WhiteElo "1522"]
[BlackElo "2522"]
[WhiteICU "1626"]
[WhiteClub "Galway"]
[WhiteNationality "MAS"]
[BlackNationality "HUN"]
[WhiteFideId "5712467"]
[BlackFideId "705713"]
[PlyCount "64"]
[EventDate "2019.04.17"]
[ICUid "50153"]
[HashCode "4524e29c"]

{ Event information: <a
href="http://www.irlchess.com/irishopen2019_allfiles/pairings_irishopen2019.html">Tournament
report</a>. }

1. d4 Nf6 2. Nf3 g6 3. e3 Bg7 4. Bd3 c5 5. O-O O-O 6. b3 cxd4 7. exd4 Nc6
8. Bb2 d5 9. a3 Bg4 10. Nbd2 Rc8 11. h3 Bf5 12. Bxf5 gxf5 13. Ne5 e6 14. f4
Qb6 15. Nxc6 Rxc6 16. Rc1 Rfc8 17. Kh1 Kh8 18. Rf2 Rg8 19. Kh2 Qc7 20. g3
b5 21. c3 a5 22. Rf1 Qb8 23. b4 a4 24. Qe2 Rcc8 25. Qd1 Bf8 26. Qe2 Bd6 27.
Qf3 Rg6 28. Rg1 Rcg8 29. Rcf1 Qf8 30. Rf2 Ng4+ 31. hxg4 Qh6+ 32. Kg2 fxg4
0-1

[Event "Irish International Open 2019"]
[Site "Dublin IRL"]
[Date "2019.04.19"]
[Round "4.9"]
[White "Buonanno, Raffaele"]
[Black "Li, Henry"]
[Result "0-1"]
[WhiteTitle "FM"]
[BlackTitle "FM"]
[WhiteElo "2091"]
[BlackElo "2308"]
[BlackICU "2235"]
[BlackClub "Gonzaga"]
[WhiteNationality "ITA"]
[BlackNationality "IRL"]
[WhiteFideId "2807713"]
[BlackFideId "2508524"]
[PlyCount "126"]
[EventDate "2019.04.17"]
[ICUid "50158"]
[HashCode "7e6bbabc"]

{ Event information: <a
href="http://www.irlchess.com/irishopen2019_allfiles/pairings_irishopen2019.html">Tournament
report</a>. }

1. d4 Nf6 2. c4 g6 3. f3 Bg7 4. e4 d6 5. Ne2 O-O 6. Nbc3 c5 7. d5 e6 8. Ng3
exd5 9. cxd5 h5 10. Bg5 a6 11. a4 Qc7 12. Qd2 Nh7 13. Bh6 Qe7 14. Bxg7 Kxg7
15. Be2 h4 16. Nf1 f5 17. exf5 Bxf5 18. Ne3 Nd7 19. g4 hxg3 20. hxg3 Rae8
21. Nxf5+ gxf5 22. Qh6+ Kh8 23. Kf2 Rf6 24. Qh5 Rf7 25. Rae1 Qf6 26. Kg2
Rg8 27. f4 Nf8 28. Qh6 Rg6 29. Qh4 Qd4 30. Bh5 Rh6 31. Qd8 Rg7 32. Re8 Rg8
33. Ne2 Qg7 34. Bf7 Rxh1 35. Bxg8 Kxg8 36. Kxh1 Nf6 37. Re6 Qh7+ 38. Kg2
Ng4 39. Qg5+ Kh8 40. Qh4 Nxe6 41. dxe6 Qxh4 42. gxh4 Kg7 43. Ng3 Nh6 44.
Nh5+ Kg6 45. Kf3 Ng8 46. Ng3 Kf6 47. Ke3 Kxe6 48. a5 Nh6 49. h5 Kd5 50. Kd3
Kc6 51. Nf1 Kb5 52. Ne3 Kxa5 53. Nc4+ Kb4 54. Nxd6 b5 55. Kc2 c4 56. Nb7
Nf7 57. Kd2 a5 58. Kc1 a4 59. Kc2 a3 60. bxa3+ Kxa3 61. Kc3 b4+ 62. Kxc4 b3
63. Kc3 b2 0-1

[Event "Irish International Open 2019"]
[Site "Dublin IRL"]
[Date "2019.04.19"]
[Round "4.11"]
[White "Brady, Stephen"]
[Black "Doyle, Hugh"]
[Result "1/2-1/2"]
[WhiteTitle "FM"]
[WhiteElo "2301"]
[BlackElo "2042"]
[WhiteICU "2278"]
[BlackICU "2042"]
[WhiteClub "St. Benildus"]
[BlackClub "Cork"]
[WhiteNationality "IRL"]
[BlackNationality "IRL"]
[WhiteFideId "2500124"]
[BlackFideId "2500876"]
[PlyCount "121"]
[EventDate "2019.04.17"]
[ICUid "50160"]
[HashCode "76b471ed"]

{ Event information: <a
href="http://www.irlchess.com/irishopen2019_allfiles/pairings_irishopen2019.html">Tournament
report</a>. }

1. b3 e5 2. Bb2 d6 3. e3 Nd7 4. d4 c6 5. dxe5 dxe5 6. Nf3 Qc7 7. Nbd2 Nh6
8. Bd3 Be7 9. a4 a5 10. O-O O-O 11. Qe2 Kh8 12. e4 f6 13. Nc4 Nc5 14. Rfd1
Bg4 15. Ne3 Bh5 16. Nf5 Nxf5 17. exf5 Nxd3 18. Rxd3 Rfd8 19. Rad1 Rxd3 20.
Rxd3 Rd8 21. h3 Rxd3 22. Qxd3 Qd8 23. Qxd8+ Bxd8 24. g4 Be8 25. Nd2 b5 26.
Ne4 Be7 27. Bc3 bxa4 28. bxa4 c5 29. Bxa5 Bxa4 30. c4 Bc2 31. f3 Bd3 32.
Nd2 g6 33. fxg6 hxg6 34. Kf2 Kh7 35. Ke3 Bc2 36. Bc7 Kh6 37. h4 f5 38. g5+
Kh5 39. Bxe5 Kxh4 40. f4 Kg4 41. Bc7 Bd1 42. Nb1 Bf8 43. Be5 Be7 44. Nc3
Bb3 45. Nd5 Bf8 46. Kd3 Kf3 47. Nc7 Be7 48. Nd5 Bf8 49. Nb6 Be7 50. Bc7 Bd1
51. Nd7 Be2+ 52. Kc3 Ke4 53. Ne5 Bh5 54. Nd7 Be2 55. Nf6+ Kf3 56. Nd5 Bf8
57. Nb6 Be7 58. Kb3 Bd1+ 59. Kb2 Ke4 60. Kc3 Be2 61. Nd7 1/2-1/2

[Event "Irish International Open 2019"]
[Site "Dublin IRL"]
[Date "2019.04.19"]
[Round "4.27"]
[White "Kersten, Julian"]
[Black "Farrelly, Eoin"]
[Result "1-0"]
[WhiteElo "1996"]
[BlackElo "1644"]
[BlackICU "1384"]
[WhiteNationality "AUT"]
[BlackNationality "IRL"]
[WhiteFideId "1628542"]
[BlackFideId "2510359"]
[PlyCount "85"]
[EventDate "2019.04.17"]
[ICUid "50176"]
[HashCode "51604aeb"]

{ Event information: <a
href="http://www.irlchess.com/irishopen2019_allfiles/pairings_irishopen2019.html">Tournament
report</a>. }

1. d4 d5 2. Bg5 c5 3. dxc5 Qa5+ 4. Nc3 e6 5. a3 Qxc5 6. Qd2 Bd6 7. Nf3 Ne7
8. e4 b6 $2 (8... a6 $16) 9. e5 $18 ({ Or } 9. b4 Qc7 10. e5 $19 { . })
9... Bxe5 10. Nxe5 d4 11. Qf4 f6 12. Bb5+ Nbc6 13. Ne4 Qxe5 14. Qxe5 fxe5
15. Bxe7 Kxe7 16. Bxc6 Rb8 17. Bb5 Bb7 18. Bd3 Rhf8 19. O-O Rf4 20. Rae1 h6
21. Nd2 Rg4 22. f3 Rg5 23. Nc4 Kf6 24. Nd6 Bd5 25. Ne4+ Bxe4 26. Rxe4 Ke7
27. Rfe1 Rc8 28. Rxe5 Rxe5 29. Rxe5 Kd6 30. Re4 e5 31. f4 Re8 32. fxe5+
Rxe5 33. Rxe5 Kxe5 34. Kf2 Kf4 35. h3 a5 36. g3+ Kg5 37. Kf3 h5 38. Ke4 h4
39. g4 Kf6 40. Kxd4 Kg5 41. Ke4 Kf6 42. b4 axb4 43. axb4 1-0

[Event "Irish International Open 2019"]
[Site "Dublin IRL"]
[Date "2019.04.19"]
[Round "4.28"]
[White "Putar, Lara"]
[Black "O'Donnell, Conor"]
[Result "0-1"]
[BlackTitle "FM"]
[WhiteElo "1641"]
[BlackElo "2369"]
[WhiteICU "1506"]
[BlackICU "2341"]
[BlackClub "Gonzaga"]
[WhiteNationality "CRO"]
[BlackNationality "IRL"]
[WhiteFideId "14546604"]
[BlackFideId "2504243"]
[PlyCount "62"]
[EventDate "2019.04.17"]
[HashCode "39ce36a6"]

{ Event information: <a
href="http://www.irlchess.com/irishopen2019_allfiles/pairings_irishopen2019.html">Tournament
report</a>. }

1. d4 Nf6 2. c4 e6 3. Nf3 d5 4. g3 dxc4 5. Bg2 Bd7 6. Ne5 Bc6 7. Nxc6 Nxc6
8. Bf4 Bd6 9. Bxd6 Qxd6 10. e3 e5 11. Qa4 Qb4+ 12. Nc3 Qxa4 13. Nxa4 exd4
14. exd4 O-O-O 15. Bxc6 bxc6 16. O-O-O Rhe8 17. Nc3 Nd5 18. a3 Nxc3 19.
bxc3 Re2 20. Rd2 Rxd2 21. Kxd2 c5 22. Ke3 Kb7 23. Rb1+ Kc6 24. a4 a6 25.
Ke4 cxd4 26. cxd4 Re8+ 27. Kf3 Kd5 28. Rb7 Re7 29. Ra7 c3 30. Rxa6 c2 31.
Ra5+ Kxd4 0-1

[Event "Irish International Open 2019"]
[Site "Dublin IRL"]
[Date "2019.04.19"]
[Round "4.30"]
[White "Fitzpatrick, Kevin"]
[Black "Flynn, Jacob"]
[Result "0-1"]
[WhiteElo "1427"]
[BlackElo "2011"]
[WhiteICU "1249"]
[BlackICU "2000"]
[WhiteClub "Galway"]
[BlackClub "Malahide"]
[WhiteNationality "IRL"]
[BlackNationality "IRL"]
[WhiteFideId "2505886"]
[BlackFideId "2509393"]
[PlyCount "74"]
[EventDate "2019.04.17"]
[HashCode "46be274d"]

{ Event information: <a
href="http://www.irlchess.com/irishopen2019_allfiles/pairings_irishopen2019.html">Tournament
report</a>. }

1. d4 g6 2. e3 Bg7 3. Nf3 Nf6 4. Bd3 O-O 5. Nbd2 d6 6. e4 Nc6 7. c3 e5 8.
d5 Ne7 9. Ng5 h6 10. Ngf3 Kh7 11. Qe2 Nh5 12. Nf1 f5 13. exf5 Nxd5 14.
fxg6+ Kh8 15. Ng5 Nhf4 16. Bxf4 Nxf4 17. Nf7+ Rxf7 18. gxf7 Nxe2 19. Bxe2
Be6 20. h4 Bxf7 21. g4 Kg8 22. O-O-O Bxa2 23. Ne3 Be6 24. Rdg1 Qf8 25. Rh2
d5 26. g5 hxg5 27. hxg5 d4 28. Ng4 Qf4+ 29. Kd1 Bxg4 30. Rhg2 Bxe2+ 31.
Kxe2 Qe4+ 32. Kd2 dxc3+ 33. Kxc3 Qd4+ 34. Kb3 e4 35. Rb1 b5 36. Kc2 Qd3+
37. Kc1 Rd8 0-1

[Event "Irish International Open 2019"]
[Site "Dublin IRL"]
[Date "2019.04.19"]
[Round "4.31"]
[White "Remenyik, David"]
[Black "Putar, Leon"]
[Result "1/2-1/2"]
[WhiteElo "1798"]
[BlackElo "1549"]
[WhiteICU "1844"]
[BlackICU "1651"]
[WhiteNationality "IRL"]
[BlackNationality "CRO"]
[WhiteFideId "368178515"]
[BlackFideId "14546612"]
[PlyCount "147"]
[EventDate "2019.04.17"]
[HashCode "856a0daf"]

{ Event information: <a
href="http://www.irlchess.com/irishopen2019_allfiles/pairings_irishopen2019.html">Tournament
report</a>. }

1. d4 Nf6 2. Nf3 g6 3. c4 Bg7 4. Nc3 d5 5. e3 O-O 6. Qb3 c6 7. Be2 dxc4 8.
Bxc4 b5 9. Be2 Be6 10. Qc2 Na6 11. a3 Rc8 12. b4 Nc7 13. Bb2 Ncd5 14. O-O
Nxc3 15. Qxc3 Ne4 16. Qc2 Nd6 17. Nd2 f5 18. Rac1 Qb6 19. Nb3 Rfe8 20. Nc5
Bc4 21. Rfd1 Bxe2 22. Qxe2 Nc4 23. f4 e6 24. Rd3 Re7 25. Kh1 Kf7 26. Rg1
Ra8 27. Rdd1 a5 28. Bc3 axb4 29. Bxb4 Rea7 30. Qa2 Qd8 31. Rd3 Qd5 32. Qb3
Nxa3 33. Bxa3 Qxb3 34. Rxb3 Rxa3 35. Rc1 Rxb3 36. Nxb3 Ra3 37. Nd2 Rxe3 38.
Nf3 Rb3 39. Kg1 b4 40. Kf2 Rc3 41. Rb1 b3 42. Nd2 Bxd4+ 43. Ke2 Re3+ 44.
Kd1 c5 45. Nxb3 Ke7 46. Nxd4 cxd4 47. Rb7+ Kf6 48. Rxh7 Ra3 49. g3 Ra2 50.
Rd7 Rxh2 51. Rxd4 Rg2 52. Rd3 g5 53. Ke1 Ra2 54. Re3 gxf4 55. gxf4 Ra4 56.
Rf3 Ra2 57. Re3 Ke7 58. Rd3 Ra4 59. Rf3 Kd6 60. Ke2 Ra2+ 61. Kf1 Ra4 62.
Ke2 Kd5 63. Rd3+ Rd4 64. Ke3 e5 65. fxe5 f4+ 66. Ke2 Kxe5 67. Rxd4 Kxd4 68.
Kf3 Ke5 69. Kf2 Ke4 70. Ke2 f3+ 71. Kf2 Kf4 72. Kf1 Kg4 73. Kf2 Kf4 74. Kf1
1/2-1/2

[Event "Irish International Open 2019"]
[Site "Dublin IRL"]
[Date "2019.04.19"]
[Round "4.32"]
[White "O'Mahoney, Keegan"]
[Black "Jordan, Felix"]
[Result "1-0"]
[WhiteElo "1875"]
[BlackElo "1538"]
[WhiteICU "1857"]
[BlackICU "1442"]
[WhiteClub "Cork"]
[BlackClub "St. Benildus"]
[WhiteNationality "IRL"]
[BlackNationality "IRL"]
[WhiteFideId "2506190"]
[BlackFideId "2510324"]
[PlyCount "53"]
[EventDate "2019.04.17"]
[HashCode "34651e06"]

{ Event information: <a
href="http://www.irlchess.com/irishopen2019_allfiles/pairings_irishopen2019.html">Tournament
report</a>. }

1. d4 Nf6 2. Nf3 e6 3. c4 d5 4. g3 c5 5. cxd5 exd5 6. Nc3 Nc6 7. Bg2 Bf5 8.
O-O Rc8 9. a3 a6 10. Bg5 Be7 11. Bxf6 Bxf6 12. dxc5 d4 13. Na4 O-O 14. Rc1
Re8 15. Nb6 Rc7 16. Nc4 d3 17. e3 Bg4 18. h3 Bxf3 19. Bxf3 Ne5 20. Nd6 d2
21. Rc2 Nxf3+ 22. Qxf3 Qxd6 23. cxd6 Rxc2 24. d7 Rd8 25. Qe4 Kf8 26. Qxc2
Rxd7 27. Rd1 1-0

[Event "Irish International Open 2019"]
[Site "Dublin IRL"]
[Date "2019.04.19"]
[Round "4.35"]
[White "Avetisyan, Gagik"]
[Black "Kalam, Abul"]
[Result "1/2-1/2"]
[WhiteElo "1474"]
[BlackElo "1804"]
[WhiteICU "1541"]
[BlackICU "1721"]
[WhiteClub "Armenian C.C."]
[BlackClub "Rathmines"]
[WhiteNationality "IRL"]
[BlackNationality "IRL"]
[WhiteFideId "2512270"]
[BlackFideId "2501007"]
[PlyCount "33"]
[EventDate "2019.04.17"]
[HashCode "2267f283"]

{ Event information: <a
href="http://www.irlchess.com/irishopen2019_allfiles/pairings_irishopen2019.html">Tournament
report</a>. }

1. d4 d5 2. c4 e6 3. Nf3 c5 4. cxd5 exd5 5. g3 Nf6 6. Bg2 Nc6 7. O-O Be7 8.
Nc3 c4 9. Ne5 O-O 10. Bf4 a6 11. Nxc6 bxc6 12. e4 Be6 13. Re1 Bb4 14. Qa4
Qb6 15. a3 Be7 16. Qc2 Rfe8 17. Rad1 1/2-1/2

[Event "Irish International Open 2019"]
[Site "Dublin IRL"]
[Date "2019.04.19"]
[Round "4.37"]
[White "Goss, Alex"]
[Black "Dimitrov, Nikolai"]
[Result "1-0"]
[WhiteElo "1765"]
[BlackElo "1411"]
[WhiteICU "1771"]
[BlackICU "1131"]
[WhiteClub "Elm Mount"]
[BlackClub "Skerries"]
[WhiteNationality "IRL"]
[BlackNationality "IRL"]
[WhiteFideId "2509407"]
[BlackFideId "2511649"]
[PlyCount "58"]
[EventDate "2019.04.17"]
[HashCode "367f0fbf"]

{ Event information: <a
href="http://www.irlchess.com/irishopen2019_allfiles/pairings_irishopen2019.html">Tournament
report</a>. }

1. e4 c5 2. d3 Nc6 3. f4 d6 4. Nf3 e5 5. Nc3 g6 6. Be2 Nd4 7. O-O Bg7 8.
fxe5 dxe5 9. Ng5 f6 10. Nf3 Nxe2+ 11. Qxe2 Ne7 12. Be3 b6 13. Qd2 Ba6 14.
Bh6 Rg8 15. Bxg7 Rxg7 16. Qh6 Rf7 17. Rf2 Qd7 18. Raf1 Ng8 19. Qh4 O-O-O
20. Nxe5 g5 21. Qh5 fxe5 22. Rxf7 Qd4+ 23. Kh1 h6 24. Rxa7 Bb7 25. Qf7 Qd7
26. Qxd7+ Rxd7 27. Rf8+ Rd8 28. Rxd8+ Kxd8 29. Rxb7 Kc8 1-0

[Event "Irish International Open 2019"]
[Site "Dublin IRL"]
[Date "2019.04.19"]
[Round "4.38"]
[White "Mancin, Michele"]
[Black "Carolan, James"]
[Result "1-0"]
[WhiteElo "1706"]
[BlackElo "1268"]
[BlackICU "1243"]
[BlackClub "Sligo"]
[WhiteNationality "ITA"]
[BlackNationality "IRL"]
[WhiteFideId "824780"]
[BlackFideId "2513072"]
[PlyCount "95"]
[EventDate "2019.04.17"]
[HashCode "586ebf51"]

{ Event information: <a
href="http://www.irlchess.com/irishopen2019_allfiles/pairings_irishopen2019.html">Tournament
report</a>. }

1. e4 c5 2. Nf3 d6 3. d4 cxd4 4. Nxd4 Nf6 5. Nc3 a6 6. Be2 b5 7. a3 Bb7 8.
Bf3 Nbd7 9. O-O e6 10. g3 Be7 11. Bg2 Rc8 12. h3 Nc5 13. Qe2 O-O 14. Kh2
Qb6 15. Nb3 Nxb3 16. cxb3 Qc7 17. Bf4 Rfd8 18. Rac1 Qb6 19. Be3 Qc7 20. Nd5
Qd7 21. Nb6 Qe8 22. Nxc8 Rxc8 23. Rxc8 Qxc8 24. Rc1 Qa8 25. Qc2 Nxe4 26.
Bxe4 Bxe4 27. Qc8+ Qxc8 28. Rxc8+ Bf8 29. Bb6 f6 30. Kg1 b4 31. axb4 Bd3
32. Rb8 g5 33. Bd8 Kf7 34. Rb7+ Kg6 35. Be7 Bxe7 36. Rxe7 Kf5 37. Rxh7 d5
38. Rc7 Ke5 39. f3 Bb5 40. Kf2 d4 41. Rc5+ Kd6 42. Ke1 e5 43. Kd2 Bf1 44.
h4 gxh4 45. gxh4 Ke6 46. Rc1 Bb5 47. Rh1 Be8 48. h5 1-0

[Event "Irish International Open 2019"]
[Site "Dublin IRL"]
[Date "2019.04.19"]
[Round "4.40"]
[White "Burg, Henk"]
[Black "Tempany, Max"]
[Result "1-0"]
[WhiteElo "1719"]
[BlackElo "1519"]
[BlackICU "1400"]
[BlackClub "Gonzaga"]
[WhiteNationality "NED"]
[BlackNationality "IRL"]
[WhiteFideId "1017691"]
[BlackFideId "2511452"]
[PlyCount "79"]
[EventDate "2019.04.17"]
[HashCode "4e0ea652"]

{ Event information: <a
href="http://www.irlchess.com/irishopen2019_allfiles/pairings_irishopen2019.html">Tournament
report</a>. }

1. e4 c5 2. Nf3 d6 3. d4 cxd4 4. Nxd4 Nf6 5. Nc3 a6 6. Bg5 e6 7. f4 h6 8.
Bh4 Qb6 9. Rb1 Nbd7 10. Bf2 Qc7 11. Bd3 Be7 12. O-O b5 13. f5 e5 14. Nb3
Bb7 15. a3 O-O 16. Qe2 Rac8 17. Rbc1 d5 18. exd5 Nxd5 19. Nxd5 Bxd5 20. Nd2
Nc5 21. Be4 Nxe4 22. Nxe4 Bc4 23. Qg4 Qc6 24. Rfe1 Bd5 25. c3 Rfe8 26. h3
Rcd8 27. f6 Bxf6 28. Nxf6+ Qxf6 29. h4 Bc6 30. Rcd1 Bd7 31. Rxd7 Rxd7 32.
Qxd7 Rd8 33. Qg4 Rd2 34. Re2 Rd1+ 35. Kh2 Rf1 36. Bg3 Qb6 37. Bxe5 f6 38.
Bd4 Qb8+ 39. g3 h5 40. Qxh5 1-0

[Event "Irish International Open 2019"]
[Site "Dublin IRL"]
[Date "2019.04.19"]
[Round "4.41"]
[White "Saynajakangas, Kirsi"]
[Black "Bergin, Cian"]
[Result "0-1"]
[WhiteElo "1693"]
[BlackElo "1512"]
[WhiteNationality "FIN"]
[BlackNationality "IRL"]
[WhiteFideId "502294"]
[BlackFideId "2512572"]
[PlyCount "122"]
[EventDate "2019.04.17"]
[HashCode "82c960ab"]

{ Event information: <a
href="http://www.irlchess.com/irishopen2019_allfiles/pairings_irishopen2019.html">Tournament
report</a>. }

1. d4 Nf6 2. Nf3 d5 3. Bf4 c5 4. e3 Nc6 5. h3 Qb6 6. dxc5 Qxb2 7. Nbd2 Qc3
8. Rb1 a6 9. Bd3 Qxc5 10. O-O e6 11. c4 Be7 12. Nb3 Qa7 13. Qe2 O-O 14. Ne5
Nxe5 15. Bxe5 dxc4 16. Bxc4 b5 17. Bd3 Bb7 18. Nd4 Qc5 19. Bf4 Bd6 20. Bxd6
Qxd6 21. a4 Qd5 22. f4 bxa4 23. Rfd1 Rfc8 24. Nc2 Qc6 25. Nb4 Qc3 26. Na2
Qc7 27. Rdc1 Qe7 28. Rxc8+ Bxc8 29. Qf3 Nd5 30. e4 Nc7 31. e5 Nd5 32. Kh2
a5 33. Qh5 h6 34. Qd1 Nxf4 35. Bb5 Bb7 36. Rb2 Nxg2 37. Rxg2 Bxg2 38. Kxg2
Qb7+ 39. Qf3 Qxf3+ 40. Kxf3 a3 41. Ke4 Rb8 42. Bc4 Rd8 43. Ke3 Kh7 44. Bd3+
g6 45. Bc4 Rb8 46. Kf4 Rd8 47. Ke3 Kg7 48. Ke4 Rd1 49. Kf3 Rd4 50. Bf1 f5
51. exf6+ Kxf6 52. Ke3 e5 53. Bd3 Rh4 54. Bf1 Kf5 55. Bg2 Rc4 56. Bf3 Rd4
57. Bg2 g5 58. Bf1 Rd1 59. Bb5 Rh1 60. Bd7+ Kf6 61. Nc3 Rh2 0-1